000 00656nam a22002297a 4500
003 BUBTL
008 220524b ||||| |||| 00| 0 eng d
020 _a9848470514
041 _aEnglish
082 _a345.05/ H929l/ 2014
100 _95234
_aHuq, Al-Haj Zahirul
245 _aLaw and Practice of Criminal Procedure /
_bAl- Haj Zahirul Huq
250 _a14th
260 _aDhaka
_bBangladesh Law Book Company
_cc2014
300 _a[xxxv],1272p. :
_b21cm.
526 _aLaw
650 _aCriminal Law
_94577
700 _95233
_aAl-Haj Zahirul Huq
856 _k0
_l0
_yDownload
942 _2ddc
_cBK
999 _c6710
_d6710